Sining Biswal (Record no. 1140)

MARC details
000 -CABECERA
campo de control de longitud fija 00673nam a2200181 a 4500
001 - NÚMERO DE CONTROL
campo de control BRCA_1271
005 - FECHA Y HORA DE LA ÚLTIMA TRANSACCIÓN
campo de control 20190320203344.0
008 - DATOS DE LONGITUD FIJA--INFORMACIÓN GENERAL
campo de control de longitud fija 181105s1992----ph-a---###---#000-0#eng-d
050 #4 - SIGNATURA TOPOGRÁFICA DE LA BIBLIOTECA DEL CONGRESO
Número de clasificación BV3795
Número de documento/Ítem .R44 1992
100 1# - ENTRADA PRINCIPAL--NOMBRE DE PERSONA
Nombre de persona Regalado Trota, José
9 (RLIN) 3316
245 10 - MENCIÓN DE TÍTULO
Título Sining Biswal
Resto del título an essay on the spanish influence on philippine visual arts
Mención de responsabilidad, etc. José Regalado Trota.
260 ## - PUBLICACIÓN, DISTRIBUCIÓN, ETC.
Lugar de publicación, distribución, etc. Philippines
Nombre del editor, distribuidor, etc. Sentrong Pangkultura
Fecha de publicación, distribución, etc. 1992
300 ## - DESCRIPCIÓN FÍSICA
Extensión 1 v. (sin paginación)
Otras características físicas il. (algunas a color)
Dimensiones 20 cm.
504 ## - NOTA DE BIBLIOGRAFÍA, ETC.
Nota de bibliografía, etc. Bibliografía : p. 47-51
650 14 - PUNTO DE ACCESO ADICIONAL DE MATERIA--TÉRMINO DE MATERIA
Término de materia o nombre geográfico como elemento de entrada Cristianismo y cultura
Subdivisión general Artes decorativas
Subdivisión geográfica Filipinas
9 (RLIN) 4177
650 14 - PUNTO DE ACCESO ADICIONAL DE MATERIA--TÉRMINO DE MATERIA
Término de materia o nombre geográfico como elemento de entrada Evangelización
Subdivisión general Historia
Subdivisión geográfica Filipinas
9 (RLIN) 4178
942 ## - ELEMENTOS DE PUNTO DE ACCESO ADICIONAL (KOHA)
Fuente del sistema de clasificación o colocación Library of Congress Classification
Tipo de ítem Koha Libros
Holdings
Estado de retiro Estado de pérdida Estado dañado No para préstamo Localización permanente Ubicación/localización actual Fecha de adquisición Total de préstamos Signatura topográfica completa Código de barras Fecha visto por última vez Precio válido a partir de Tipo de ítem Koha
El ejemplar forma parte de la colección y puede ser consultado según las políticas vigentes.       Biblioteca del Museo Franz Mayer (Rogerio Casas-Alatriste) Biblioteca del Museo Franz Mayer (Rogerio Casas-Alatriste) 26/06/2008   BV3795 .R44 1992 01773 22/03/2019 22/03/2019 Libros